000
00288nam a2200133Ia 4500
100
_a
Horn/ C.E./ Poirot/ J.L.
942
_c
BK
654
_a
Computer
245
_a
Computer literacy
260
_b
Tata Mc Graw hill
_a
New Delhi
_c
1987
300
_a
486
546
_a
ENGLISH
999
_c
29595
_d
29595